LEADER 00890naa a2200217 u 4500 001 000000094031 003 CaOOAMICUS 005 20070226130136.0 008 010724m19881996fr u000 u fre u 035 $a10898401 040 $aPUL(R)$bita 100 1 $aAbi-Saab, Georges Michel,$d1933-$0(OLS)http://pul/name/24067 245 10$aCours général de droit international public /$cpar Georges Abi-Saab. 260 $a[S. l. :$bs. n.],$c1988-1996. 300 $aP. [1-463] 504 $aBibliografia in nota. 650 4$aDiritto internazionale pubblico.$0(OLS)http://pul/subject/13984 773 0 $tRecueil des cours$gv.VII (1987) 773 0 $tRecueil des cours 1987 : collected courses of The Hague Academy of International Law$w()60487 996 $6245$aCours général de droit international public$9(OLS)http://pul/title/120415 996 $6260$a[S. l. :$bs. n.]$9(OLS)http://pul/publisher/47882 LEADER 00980nam a2200253 u 4500 001 000000073304 003 CaOOAMICUS 005 20070226122333.0 008 020628s1981 cg u000 u fre u 035 $a10935286 040 $aPUL(R)$bita 245 00$aAspects du catholicisme au Zaire. 260 $aKinshasa :$b[s.n.],$c1981. 300 $a316 p. ;$c24 cm 500 $aIn testa al front.: Centre d'Eudes des religions africaines. 500 $aIn calce al front.: Faculté de Theologie catholique de Kinshasa. 504 $aNote bibliografiche a piè pagina. 650 4$aReligioni$zAfrica.$0(OLS)http://pul/subject/14545 850 $aPUL 852 $aPUL$W1$xSL Filosofia 1$y2$m131 G 36$j94738$nBK-PRI$b $qStampati$B94738$CPULBib$Z2$F94738 $H $81 941 1 $a8 961 $aINV: 67185 996 $6245$aAspects du catholicisme au Zaire$9(OLS)http://pul/title/96349 996 $6260$aKinshasa :$b[s.n.]$9(OLS)http://pul/publisher/48580